[Event "Aarhus"]
[Site "Aarhus"]
[Date "1983.??.??"]
[Round "4"]
[White "Ftacnik, Lubomir"]
[Black "Fries Nielsen, Jens Ove"]
[Result "1-0"]
[WhiteElo "2560"]
[BlackElo "2440"]

1.Nf3 Nf6 2.c4 e6 3.Nc3 c5 4.g3 Nc6 5.Bg2 d5 6.cxd5 exd5 7.d4 Be7 8.O-O O-O
9.dxc5 Bxc5 10.Bg5 d4 11.Bxf6 Qxf6 12.Nd5 Qd8 13.Nd2 a5 14.Rc1 Ba7 15.Nf4 Re8
16.Ne4 Rb8 17.Re1 Be6 18.a3 Qe7 19.Nxe6 Qxe6 20.Nc5 Qh6 21.f4 d3 22.Kh1 d2
23.Qxd2 Ne5 24.Qxa5 Bb6 25.Qb5 Ng4 26.h4 Nf2+ 27.Kg1 Ng4 28.Bf3 Qg6 29.Rc3 h5
30.Bxg4 Bxc5+ 31.Qxc5 Qxg4 32.Qg5 Qd7 33.Qxh5 Qd2 34.Kf1 Qxb2 35.Rc7 Rf8
36.Qc5 b6 37.Qc3 Qb5 38.Qc4 Qf5 39.Kg2 Rbe8 40.e4 Qa5 41.Qb4 Qa8 42.Kh3 Rd8
43.e5 Rc8 44.Qxb6 Rxc7 45.Qxc7 Qxa3 46.Qc6 Qa5 47.Re2 Qa1 48.e6 fxe6 49.Qxe6+ Kh8
50.Re1 Qa8 51.Rc1 Kh7 52.Qc6 Qd8 53.Qe4+ Kh8 54.Qe6 Qa8 55.Rc6 Re8 56.Qg6 Rc8
57.Qh5+ Kg8 58.Qd5+ Kh8 59.Rd6 Qa1 60.Qh5+ Kg8 61.Qd1 Qa7 62.Rd7 Qa6 63.Qd5+ Kh8
64.Qh5+  1-0

[Event "Aarhus"]
[Site "Aarhus"]
[Date "1983.??.??"]
[Round "8"]
[White "Ftacnik, Lubomir"]
[Black "Pedersen, Erik"]
[Result "1-0"]
[WhiteElo "2560"]
[BlackElo "2340"]

1.c4 Nf6 2.Nf3 c5 3.Nc3 e6 4.g3 b6 5.Bg2 Bb7 6.O-O Be7 7.d4 cxd4 8.Qxd4 Nc6
9.Qf4 O-O 10.Rd1 d6 11.b3 Qb8 12.Ba3 d5 13.Bxe7 Nxe7 14.Qxb8 Raxb8 15.cxd5 Nfxd5
16.Nxd5 Bxd5 17.Ne5 Rbc8 18.Rac1 g6 19.Bxd5 Nxd5 20.Nc6 Rc7 21.e4 Nf6 22.f3 Kg7
23.b4 a6 24.Ne5 Rfc8 25.Rxc7 Rxc7 26.Rd6 Rb7 27.Kf2 Ne8 28.Rd7 Rc7 29.Ke3 Rc2
30.Rxf7+ Kg8 31.Re7 Kf8 32.Rxh7 Rxa2 33.Nxg6+ Kg8 34.Rh8+ Kf7 35.Ne5+  1-0

[Event "Aarhus"]
[Site "Aarhus"]
[Date "1983.??.??"]
[Round "9"]
[White "Keene, Raymond D"]
[Black "Ftacnik, Lubomir"]
[Result "1/2-1/2"]
[WhiteElo "2490"]
[BlackElo "2560"]

1.Nf3 Nf6 2.c4 c5 3.Nc3 e6 4.e3 Nc6 5.d4 d5 6.cxd5 exd5 7.Be2 cxd4 8.Nxd4 Bd6
9.O-O O-O 10.Ncb5 Bb8 11.b3 a6 12.Nxc6 bxc6 13.Nc3 Qd6 14.g3 Bh3 15.Re1 Re8
16.Bb2 Ba7 17.Bf3 Rad8 18.Rc1 h5 19.Na4 Ne4 20.Bg2 Bxg2 21.Kxg2 Qh6 22.Rc2 Qg6
23.Bd4 Bxd4 24.exd4 h4 25.Rce2 Re6 26.f3 Nxg3 27.Rxe6 fxe6 28.hxg3 Qxg3+
29.Kh1 Qh3+  1/2-1/2

[Event "Albena"]
[Site "Albena"]
[Date "1983.??.??"]
[Round "?"]
[White "Spiridonov, Nikola"]
[Black "Farago, Ivan"]
[Result "1/2-1/2"]
[WhiteElo "2425"]
[BlackElo "2495"]

1.Nf3 Nf6 2.c4 c5 3.Nc3 d5 4.cxd5 Nxd5 5.g3 Nc6 6.Nxd5 Qxd5 7.Bg2 e5 8.d3 Bg4
9.O-O Qd7 10.Be3 Bd6 11.Nd2 O-O 12.Ne4 Nd4 13.Bxd4 cxd4 14.Nxd6 Qxd6 15.Qd2 Qe7
16.Rfc1 Rac8 17.Kf1 b6  1/2-1/2

[Event "Candidats (Women) qf4"]
[Site "Alicante"]
[Date "1983.??.??"]
[Round "7"]
[White "Lematschko, Tatjana"]
[Black "Alexandria, Nana"]
[Result "1-0"]
[WhiteElo "2255"]
[BlackElo "2355"]

1.Nf3 Nf6 2.c4 c5 3.Nc3 e6 4.g3 b6 5.Bg2 Bb7 6.O-O Be7 7.d4 cxd4 8.Qxd4 d6
9.b3 Nbd7 10.Bb2 a6 11.Ng5 Bxg2 12.Kxg2 O-O 13.h4 Qc7 14.Rfd1 b5 15.cxb5 axb5
16.Kg1 Rab8 17.Rac1 Qb7 18.Rc2 h6 19.Nf3 d5 20.Ra1 Rfc8 21.Ne1 Nc5 22.b4 Ncd7
23.a3 Rc4 24.Qd2 d4 25.Nd1 e5 26.Rac1 Nb6 27.e3 Rd8 28.exd4 exd4 29.Qd3 Qd7
30.Nf3 Qh3 31.Ne5 Ng4 32.Nxg4 Qxg4 33.Kh2 Bf6 34.f3 Qe6 35.Nf2 g6 36.Re2 Qd5
37.Rce1 Qa8 38.Ne4 Be7 39.h5 g5 40.Nd2 Bf6 41.Qf5 Qc6 42.Nxc4 Nxc4 43.Re6 Rd6
44.Qxf6 Rxe6 45.Qd8+ Kg7 46.Bxd4+ f6 47.Bxf6+ Kf7 48.Rxe6 Qxe6 49.Bd4 Nd2
50.Qc7+ Ke8 51.Qb8+ Ke7 52.Bc5+ Kd7 53.Qb7+ Ke8  1-0

[Event "Candidats (Women) qf4"]
[Site "Alicante"]
[Date "1983.??.??"]
[Round "9"]
[White "Lematschko, Tatjana"]
[Black "Alexandria, Nana"]
[Result "1-0"]
[WhiteElo "2255"]
[BlackElo "2355"]

1.Nf3 c5 2.c4 Nf6 3.Nc3 e6 4.g3 b6 5.Bg2 Bb7 6.O-O Be7 7.Re1 d6 8.e4 a6 9.d4 cxd4
10.Nxd4 Qc7 11.Be3 O-O 12.f4 Nbd7 13.Rc1 Rad8 14.g4 Nc5 15.Bf2 e5 16.Nf5 exf4
17.b4 Ncxe4 18.Nxe4 Nxe4 19.Bxe4 Bxe4 20.Rxe4 Bf6 21.Bh4 Bxh4 22.Nxh4 Rfe8
23.Rxe8+ Rxe8 24.Nf5 Re6 25.Qd4 f6 26.Qd5 Qf7 27.Nxd6  1-0

[Event "OHRA"]
[Site "Amsterdam"]
[Date "1983.??.??"]
[Round "?"]
[White "De Roode, Peter"]
[Black "Grooten, Herman"]
[Result "1-0"]
[WhiteElo "2250"]
[BlackElo "2340"]

1.c4 c5 2.Nf3 Nf6 3.Nc3 b6 4.d4 cxd4 5.Nxd4 Bb7 6.f3 e6 7.e4 d6 8.Be2 Nbd7
9.O-O a6 10.Be3 Be7 11.Rc1 O-O 12.Qe1 Qb8 13.Qf2 Bd8 14.Rfd1 Bc7 15.g3 Kh8
16.b4 Rg8 17.Nb3 g5 18.c5 bxc5 19.bxc5 dxc5 20.Nxc5 Nxc5 21.Bxc5 Be5 22.Bd4 Rg6
23.Rb1 Bxd4 24.Rxd4 Ra7 25.e5 Ne8 26.Rd7 g4 27.Bd3 Rg7 28.Qd4 Rg8 29.Rxf7 Ng7
30.Rbxb7 Rxb7 31.Qe4 Qa7+ 32.Kf1 Nf5 33.Qxb7 Ne3+ 34.Kg1 Qxb7 35.Rxb7 Rc8
36.Ne4  1-0

[Event "OHRA"]
[Site "Amsterdam"]
[Date "1983.??.??"]
[Round "?"]
[White "De Roode, Peter"]
[Black "Bohm, Hans"]
[Result "0-1"]
[WhiteElo "2250"]
[BlackElo "2390"]

1.c4 c5 2.Nf3 Nf6 3.Nc3 d5 4.cxd5 Nxd5 5.e3 e6 6.d4 Nc6 7.Bc4 Nb6 8.Bb3 Be7
9.O-O O-O 10.a3 Bd7 11.Bc2 Rc8 12.Qd3 g6 13.dxc5 Bxc5 14.e4 e5 15.Bg5 f6
16.Bh6 Re8 17.b4 Bd4 18.Bb3+ Be6 19.Bxe6+ Rxe6 20.Rfd1 Rd6 21.Nxd4 Nxd4 22.Kf1 Nf5
23.Nd5 Nxd5 24.exf5 Ne3+ 25.Qxe3 Rxd1+ 26.Ke2  0-1

[Event "OHRA"]
[Site "Amsterdam"]
[Date "1983.??.??"]
[Round "?"]
[White "Borm, Franciscus WM"]
[Black "Grooten, Herman"]
[Result "1-0"]
[WhiteElo "2355"]
[BlackElo "2340"]

1.Nf3 Nf6 2.c4 e6 3.Nc3 c5 4.e3 Be7 5.d4 cxd4 6.exd4 d5 7.cxd5 Nxd5 8.Bd3 O-O
9.O-O b6 10.Nxd5 Qxd5 11.Qc2 Bb7 12.Bxh7+ Kh8 13.Bd3 Nc6 14.Be4 Qd6 15.Qd1 f5
16.Bc2 Rad8 17.Bb3 Rf6 18.Ng5 Kg8 19.Bf4 Qxf4 20.Qh5 Rh6 21.Nxe6 Qe4 22.Nxd8+ Kh7
23.Qe8 Bxd8 24.Bg8+ Kh8 25.Be6+ Kh7 26.Qg8+ Kg6 27.Qf7+ Kh7 28.Bxf5+ Qxf5
29.Qxf5+ Rg6 30.Qd7 Ba8 31.d5  1-0

[Event "OHRA"]
[Site "Amsterdam"]
[Date "1983.??.??"]
[Round "?"]
[White "Boersma, Paulus A"]
[Black "Franco Ocampo, Zenon"]
[Result "1/2-1/2"]
[WhiteElo "2355"]
[BlackElo "2495"]

1.Nf3 Nf6 2.c4 c5 3.Nc3 e6 4.g3 d5 5.cxd5 Nxd5 6.Bg2 Nc6 7.O-O Be7 8.d4 O-O
9.e4 Nb6 10.d5 exd5 11.exd5 Nb4 12.Ne1 Bf6 13.a3 Bxc3 14.axb4 Bxb4 15.Nc2 Bf5
16.Nxb4 cxb4 17.d6 Qd7 18.Bf4 Rfe8 19.Qd4 b3 20.Ra5 h6  1/2-1/2

[Event "OHRA"]
[Site "Amsterdam"]
[Date "1983.??.??"]
[Round "?"]
[White "De Roode, Peter"]
[Black "Van Baarle, C John"]
[Result "0-1"]
[WhiteElo "2250"]
[BlackElo "2345"]

1.c4 c5 2.Nf3 Nf6 3.Nc3 d5 4.cxd5 Nxd5 5.e3 e6 6.d4 cxd4 7.exd4 Be7 8.Bc4 Nf6
9.O-O O-O 10.Qd3 Nbd7 11.a3 Nb6 12.Bb3 Bd7 13.Ne5 Rc8 14.Re1 Bc6 15.Re3 Nbd5
16.Rg3 Nxc3 17.bxc3 Be4 18.Qe2 Qb6 19.Ba2 Rfd8 20.Bb2 Bf5 21.Rd1 Bd6 22.Ba1 Bxa3
23.c4 Bf8 24.Rg5 Qc7 25.Qf3 Bd6 26.Nd3 Qa5 27.d5 Bg6 28.Bb3 Be7 29.dxe6 Qxg5  0-1

[Event "OHRA"]
[Site "Amsterdam"]
[Date "1983.??.??"]
[Round "?"]
[White "Murrey, Jacob"]
[Black "Bohm, Hans"]
[Result "1/2-1/2"]
[WhiteElo "2485"]
[BlackElo "2390"]

1.c4 c5 2.Nc3 Nf6 3.Nf3 d5 4.cxd5 Nxd5 5.e4 Nb4 6.Bb5+ N8c6 7.O-O a6 8.Bxc6+ Nxc6
9.d3 Bg4 10.h3 Bh5 11.Nd5 e6 12.Nf4 Bxf3 13.Qxf3 Qf6 14.Qg4 g6 15.Ne2 h5
16.Qg3 h4 17.Qc7 Qe7 18.Qb6 Qd8 19.Qb3 Bg7 20.Be3 b6 21.Qa4 Qd7 22.Rfd1 Nd4
23.Qxd7+ Kxd7 24.Bxd4 Bxd4 25.Rd2 e5 26.Rb1 a5 27.a4 g5 28.Kf1 f5 29.Re1 f4
30.f3 Kc6 31.Nc3 Rhd8 32.Ke2 Be3 33.Rc2 Rd4 34.Ra1 Rb4 35.Nd5 Bd4 36.Nxb4+ axb4
37.Kd1 Kb7 38.Re2 b5 39.a5 b3 40.Ra3 Ka6 41.Ra1 Rd8 42.Ke1 c4 43.dxc4 bxc4
44.Kf1 Rb8 45.Rd2 Bxb2 46.Rxb2 c3 47.Rxb3 Rxb3 48.Ke1 Rb4 49.Kd1 Rb2 50.Ra3 Rxg2
51.Rxc3 Rg3 52.Rc5 Rxf3 53.Rxe5 Rxh3 54.Rxg5 Rg3 55.Rh5 h3 56.Ke2 Ra3 57.Kf2  1/2-1/2

[Event "Baku"]
[Site "Baku"]
[Date "1983.??.??"]
[Round "?"]
[White "Sideif Sade, Fikret I"]
[Black "Mikhalchishin, Adrian"]
[Result "1/2-1/2"]
[WhiteElo "2355"]
[BlackElo "2465"]

1.c4 Nf6 2.Nf3 c5 3.Nc3 d5 4.cxd5 Nxd5 5.e4 Nb4 6.Bc4 Nd3+ 7.Ke2 Nf4+ 8.Kf1 Ne6
9.b4 cxb4 10.Ne2 Nc7 11.d4 e6 12.Bb2 Be7 13.h4 Nd7 14.Rc1 Nf6 15.Bd3 Bd7
16.Ne5 O-O 17.g3 Bb5 18.Kg2 a6 19.Qd2 Rc8 20.Rhd1 Bxd3 21.Qxd3 Nb5 22.Nc4 Ne8
23.Nf4 Nf6 24.Ne3 Qa5 25.e5 Nd7 26.d5 Rxc1 27.Rxc1 Qxa2 28.dxe6 Qxb2 29.exf7+ Rxf7
30.Rc8+ Nf8 31.e6 Rxf4 32.gxf4 Qf6 33.f5 Nd6 34.Rb8 Qxh4 35.Nd5 b3 36.f6 Qg5+
37.Kf1 Bxf6 38.Nxf6+ Qxf6 39.Qxd6 b2 40.Rxb7 Qxe6 41.Qd4 Qh3+  1/2-1/2

[Event "Banja Luka"]
[Site "Banja Luka"]
[Date "1983.??.??"]
[Round "12"]
[White "Chekhov, Valery A"]
[Black "Ftacnik, Lubomir"]
[Result "1/2-1/2"]
[WhiteElo "2510"]
[BlackElo "2560"]

1.Nf3 Nf6 2.c4 c5 3.Nc3 e6 4.e3 Nc6 5.d4 d5 6.a3 a6 7.dxc5 Bxc5 8.b4 Ba7
9.Bb2 O-O 10.Be2 Qe7 11.O-O Rd8 12.Qc2 d4 13.exd4  1/2-1/2

[Event "Bath TV-A"]
[Site "Bath"]
[Date "1983.??.??"]
[Round "?"]
[White "Karpov, Anatoly"]
[Black "Browne, Walter S"]
[Result "1-0"]
[WhiteElo "2710"]
[BlackElo "2560"]

1.c4 c5 2.Nf3 Nf6 3.Nc3 e6 4.g3 b6 5.Bg2 Bb7 6.O-O Be7 7.d4 cxd4 8.Qxd4 d6
9.Bg5 a6 10.Bxf6 Bxf6 11.Qf4 Bxf3 12.Bxf3 Ra7 13.Rfd1 Be5 14.Qd2 O-O 15.Rac1 b5
16.Qe3 Rd7 17.cxb5 axb5 18.b4 Bxc3 19.Rxc3 d5 20.Qc5 Qf6 21.Rdc1 d4 22.Rd3 e5
23.Qxb5 Qe6 24.Rc5 Re7 25.Bd5 Qd6 26.a4 Kh8 27.Qc4 Qd8 28.a5 Nd7 29.Rc6 e4
30.Rxd4 Ne5 31.Qc5 Rd7  1-0

[Event "Bayamo"]
[Site "Bayamo"]
[Date "1983.??.??"]
[Round "?"]
[White "Frey, Kenneth"]
[Black "Hernandez, Roman"]
[Result "1/2-1/2"]
[WhiteElo "2380"]
[BlackElo "2435"]

1.Nf3 c5 2.c4 Nf6 3.Nc3 g6 4.e4 Nc6 5.d4 cxd4 6.Nxd4 Bg7 7.Be3 Ng4 8.Qxg4 Nxd4
9.Qd1 Ne6 10.Rc1 b6 11.Bd3 Bb7 12.O-O O-O 13.Qd2 Re8 14.f4 Nc5 15.f5 d6 16.Rf4 Be5
17.Rh4 e6 18.Rh3 Nxd3 19.Qxd3 Qc7 20.Bd4 exf5 21.exf5 Bxd4+ 22.Qxd4 Qc5 23.Qxc5 dxc5
24.fxg6 hxg6 25.Rd1 Re7 26.Kf2 Kg7 27.Rhd3 Bc6 28.Rd8 Rxd8 29.Rxd8 Rd7 30.Rxd7 Bxd7
31.Nb5 Bxb5 32.cxb5 f5 33.Kf3 g5 34.h3 Kg6 35.g3 Kf6  1/2-1/2

[Event "Bratislava"]
[Site "Bratislava"]
[Date "1983.??.??"]
[Round "1"]
[White "Lechtynsky, Jiri"]
[Black "Ftacnik, Lubomir"]
[Result "1/2-1/2"]
[WhiteElo "2475"]
[BlackElo "2535"]

1.c4 Nf6 2.Nc3 c5 3.Nf3 e6 4.g3 b6 5.Bg2 Bb7 6.O-O Be7 7.d4 cxd4 8.Qxd4 d6
9.Rd1 a6 10.b3 Nbd7 11.e4 Nc5 12.e5 dxe5 13.Qe3 Qc7 14.Qxe5 Qc8 15.Bb2 O-O
16.Qe2 Qc7 17.Qe5 Qc8 18.Rac1 Re8 19.Qe2 Qc7 20.Qe5  1/2-1/2

[Event "Bratislava"]
[Site "Bratislava"]
[Date "1983.??.??"]
[Round "7"]
[White "Plachetka, Jan"]
[Black "Mokry, Karel"]
[Result "1/2-1/2"]
[WhiteElo "2465"]
[BlackElo "2450"]

1.c4 Nf6 2.Nc3 c5 3.Nf3 e6 4.e4 Nc6 5.d3 d5 6.Bg5 d4 7.Ne2 Bd6 8.g3 Bc7 9.Bg2 Ba5+
10.Bd2 Bxd2+ 11.Qxd2 e5 12.O-O O-O 13.a3 Ne8 14.b4 f6 15.Nh4 b6 16.f4 cxb4
17.axb4 a5 18.Nf3 Qe7 19.Rfb1 Nc7 20.bxa5 bxa5 21.Nc1 Bg4 22.Ne1 Rfb8 23.Nc2  1/2-1/2

[Event "Bratislava"]
[Site "Bratislava"]
[Date "1983.??.??"]
[Round "10"]
[White "Lerner, Konstantin Z"]
[Black "Smejkal, Jan"]
[Result "1-0"]
[WhiteElo "2495"]
[BlackElo "2560"]

1.c4 c5 2.Nf3 Nf6 3.Nc3 d5 4.cxd5 Nxd5 5.e4 Nb4 6.Bc4 Nd3+ 7.Ke2 Nf4+ 8.Kf1 Ne6
9.b4 cxb4 10.Ne2 Nd7 11.d4 Nb6 12.Bd3 g6 13.h4 Bg7 14.h5 gxh5 15.Be3 Bd7
16.Rb1 a5 17.d5 Nf8 18.Nf4 Rg8 19.e5 e6 20.Nd4 Nxd5 21.Nxd5 exd5 22.Rxh5 Qe7
23.Nf5 Bxf5 24.Bxf5 Ne6 25.Qxd5 h6 26.Rd1 Rd8 27.Qb5+ Rd7 28.Rc1 Qd8 29.Bb6 Qb8
30.Rc7 Qd8 31.Rxb7 Qc8 32.Bc7 Bxe5 33.Bxe6 Bxc7 34.Bxd7+ Qxd7 35.Re5+  1-0

[Event "Bratislava"]
[Site "Bratislava"]
[Date "1983.??.??"]
[Round "11"]
[White "Donchev, Dimitar I"]
[Black "Jansa, Vlastimil"]
[Result "1-0"]
[WhiteElo "2455"]
[BlackElo "2445"]

1.Nf3 Nf6 2.c4 c5 3.Nc3 e6 4.g3 b6 5.e4 Bb7 6.Qe2 Nc6 7.Bg2 d6 8.O-O Be7
9.Rd1 a6 10.d4 cxd4 11.Nxd4 Nxd4 12.Rxd4 Qc7 13.Be3 O-O 14.Rc1 Rac8 15.b3 Qb8
16.Rc2 Rfe8 17.Rd1 Nd7 18.Bc1 Bc6 19.Bb2 b5 20.cxb5 axb5 21.Rdc1 b4 22.Nd5 exd5
23.Rxc6 Rxc6 24.Rxc6 Bf8 25.Qg4 Nc5 26.exd5 Re1+ 27.Bf1 Qb5 28.Qc4 Qxc4 29.bxc4 Rd1
30.Kg2 Rd2 31.Bc1 Rxa2 32.Be3 Na4 33.Rc8 Nc3 34.Bf4 Ne4 35.Bd3 g5 36.Be3 Nc5
37.Bxc5 dxc5 38.d6 Rd2 39.d7 Rxd3 40.d8=Q Rxd8 41.Rxd8 Kg7 42.Kf3 Be7 43.Rd7 Kf6
44.Rb7 Ke6 45.g4 Bf6 46.h3 Be5 47.Ke4 Bd4 48.Rb6+ Kd7 49.Rb7+ Ke6 50.f4 gxf4
51.Kxf4 Kf6 52.Rb6+ Kg7 53.Kf5 Bf2 54.Ke5 Bd4+ 55.Kf5 h6 56.Rb7 Bf2 57.Rb6 Bd4
58.h4 Bf2 59.h5 Bd4 60.g5 hxg5 61.h6+ Kh7 62.Kxg5 Be3+ 63.Kh5 b3 64.Rf6 Kg8
65.h7+ Kxh7 66.Rxf7+ Kg8 67.Kg6 Bd4 68.Rb7 Kf8 69.Rxb3 Ke7 70.Kf5 Kd6 71.Rb6+ Kc7
72.Rg6 Be3 73.Ke4 Bd4 74.Kd5 Be3 75.Rg7+ Kb6 76.Rf7 Bd4 77.Kd6 Be3 78.Kd7 Bd2
79.Rf6+ Kb7 80.Rf2 Bb4 81.Kd6  1-0

[Event "Bratislava"]
[Site "Bratislava"]
[Date "1983.??.??"]
[Round "15"]
[White "Ftacnik, Lubomir"]
[Black "Lerner, Konstantin Z"]
[Result "1-0"]
[WhiteElo "2535"]
[BlackElo "2495"]

1.c4 Nf6 2.Nf3 e6 3.Nc3 c5 4.g3 d5 5.cxd5 Nxd5 6.Bg2 Nc6 7.O-O Be7 8.d4 O-O
9.e4 Nxc3 10.bxc3 b6 11.d5 Na5 12.Qc2 exd5 13.exd5 Nc4 14.Bf4 Bd6 15.Ng5 g6
16.Qe4 b5 17.Bxd6 Nxd6 18.Qh4 h5 19.Qf4 a5 20.Rfe1 Ra7 21.Nf3 f6 22.Nd2 Bf5
23.Bf1 a4 24.Qe3 Rc7 25.Bd3 Re8 26.Qf3 Rce7 27.Rxe7 Qxe7 28.Nf1 Bxd3 29.Qxd3 Qe4
30.Qxe4 Nxe4 31.Rc1 Kf7 32.Rc2 Ke7 33.Ne3 Kd6 34.Kf1 a3 35.Ke2 c4 36.f3 Nc5
37.Rc1 Nd3 38.Rb1 Nb2 39.Kd2 b4 40.Nc2 bxc3+ 41.Kxc3 Kxd5 42.Nxa3 Na4+ 43.Kb4 Nb6
44.Rd1+ Kc6 45.Nb5 Re3 46.Rd6+ Kb7 47.a4 Nxa4 48.Kxa4 Rxf3 49.Kb4 c3 50.Nxc3 Rf2
51.h4 g5 52.Ne4 Rg2 53.Rd2 Rg1 54.Rh2 Kc6 55.hxg5 f5 56.Rc2+ Kb6 57.Nf6 Rxg3
58.Nd5+ Kb7 59.Rc7+ Kb8 60.Rg7 h4 61.Kc5 h3 62.Kc6 h2 63.Rb7+ Kc8 64.Rh7 Kb8
65.Nb6 Rc3+ 66.Kd6 Rc2 67.Ke5 Rf2 68.Nd5  1-0

[Event "Elekes mem-A"]
[Site "Budapest"]
[Date "1983.??.??"]
[Round "?"]
[White "Berg, Klaus"]
[Black "Zsinka, Laszlo"]
[Result "1/2-1/2"]
[WhiteElo "2400"]
[BlackElo "2360"]

1.c4 Nf6 2.Nf3 c5 3.Nc3 e6 4.e3 b6 5.d4 d6 6.d5 e5 7.e4 g6 8.Be2 Bg7 9.O-O O-O
10.Ne1 Qe7 11.Nd3 Nbd7 12.Bg5 h6 13.Bh4 g5 14.Bg3 Nxe4 15.Nxe4 f5 16.f3 fxe4
17.fxe4 Nf6 18.Nf2 Bd7 19.h3  1/2-1/2

[Event "Buenos Aires-B"]
[Site "Buenos Aires"]
[Date "1983.??.??"]
[Round "5"]
[White "Panzeri, Claudio"]
[Black "Monier, Raul"]
[Result "1/2-1/2"]
[WhiteElo "2305"]
[BlackElo "2200"]

1.c4 Nf6 2.Nc3 c5 3.Nf3 e6 4.g3 Nc6 5.Bg2 d5 6.cxd5 Nxd5 7.O-O Be7 8.d4 O-O
9.Nxd5 exd5 10.dxc5 Bxc5 11.b3 Bf5 12.Bb2 Be4 13.Re1 Bb6 14.e3 Re8 15.Qd2 Qe7
16.Red1 Rad8 17.Qc3  1/2-1/2

[Event "WchT U26"]
[Site "Chicago"]
[Date "1983.??.??"]
[Round "?"]
[White "Eng, Holger"]
[Black "Wilder, Michael"]
[Result "1-0"]
[WhiteElo "2230"]
[BlackElo "2440"]

1.Nf3 Nf6 2.c4 e6 3.Nc3 c5 4.e3 d5 5.d4 Nc6 6.a3 a6 7.dxc5 Bxc5 8.b4 Ba7
9.Bb2 O-O 10.Rc1 Qe7 11.cxd5 Rd8 12.Be2 exd5 13.O-O Bf5 14.b5 d4 15.exd4 Nxd4
16.Nxd4 Bxd4 17.Qe1 axb5 18.Bxb5 Qd6 19.h3 Bxh3 20.Ne4 Nxe4 21.Bxd4  1-0

[Event "Capablanca mem-A"]
[Site "Cienfuegos"]
[Date "1983.??.??"]
[Round "?"]
[White "Pfleger, Helmut"]
[Black "Hernandez, Roman"]
[Result "1/2-1/2"]
[WhiteElo "2505"]
[BlackElo "2435"]

1.c4 Nf6 2.Nc3 c5 3.Nf3 g6 4.g3 Bg7 5.Bg2 Nc6 6.d4 cxd4 7.Nxd4 Nxd4 8.Qxd4 d6
9.O-O O-O 10.Qd2 Be6 11.Bxb7 Rb8 12.Bd5 Nxd5 13.cxd5 Bh3 14.Rd1 Qc7 15.a4 Rb4
16.Nb5 Qc4 17.Nxa7 Rxa4 18.Rxa4 Qxa4 19.Nc6 e6 20.Qd3 Re8 21.b3 Qa8 22.b4 Qa4
23.Re1 exd5 24.b5 d4 25.Bb2 Bf5 26.Qd2 Qxb5 27.Nxd4 Qd5 28.f3 Rb8 29.Bc3 Bd7
30.Kg2 Rc8 31.e4 Qh5 32.Ne2 Bh3+ 33.Kf2 Be6 34.h4 Rxc3 35.Nxc3 Qc5+ 36.Re3 Bd4
37.Ne2 Bxe3+ 38.Qxe3 Qb4 39.g4 Qb2 40.Kg3 d5 41.e5 Kg7 42.Nd4 Qb1 43.h5 gxh5
44.Qg5+ Qg6 45.Qxh5 Qxh5 46.gxh5 Bd7 47.f4 h6 48.Kf3 Kf8 49.f5 Ba4 50.f6 Bd1+
51.Kf4 Bxh5 52.Nf5 Bg6 53.Nxh6 d4 54.Ng4  1/2-1/2

[Event "DDR-ch 32th"]
[Site "Cottbus"]
[Date "1983.??.??"]
[Round "?"]
[White "Uhlmann, Wolfgang"]
[Black "Paehtz, Thomas Sr"]
[Result "1-0"]
[WhiteElo "2505"]
[BlackElo "2395"]

1.c4 Nf6 2.Nc3 c5 3.Nf3 e6 4.g3 b6 5.Bg2 Bb7 6.d4 cxd4 7.Qxd4 d6 8.O-O Be7
9.e4 a6 10.Qe3 Nbd7 11.Nd4 O-O 12.b3 Re8 13.Bb2 Bf8 14.h3 Qb8 15.Rfe1 Nc5
16.Qd2 Ra7 17.Re2 Ba8 18.Rd1 Qc8 19.Nc2 Rc7 20.Qe1 Qb8 21.Ba1 Rec8 22.Nd4 g6
23.Nf3 e5 24.h4 b5 25.Bh3 Re8 26.b4 Ne6 27.Nd5 Nxd5 28.cxd5 Ng7 29.Rc1 Be7
30.Rec2 Bd8 31.Nh2 f5 32.Rxc7 Bxc7 33.h5 Bb6 34.h6 Nh5 35.exf5 Qb7 36.Rc6 Qf7
37.Rxb6 Qxd5 38.f3 Nf6 39.fxg6 hxg6 40.Rxa6 Rf8 41.Ra7 Nh7 42.Qb1  1-0

[Event "DDR-ch 32th"]
[Site "Cottbus"]
[Date "1983.??.??"]
[Round "?"]
[White "Uhlmann, Wolfgang"]
[Black "Boensch, Uwe"]
[Result "1/2-1/2"]
[WhiteElo "2505"]
[BlackElo "2450"]

1.c4 c5 2.Nf3 Nf6 3.Nc3 e6 4.g3 b6 5.Bg2 Bb7 6.d4 cxd4 7.Qxd4 d6 8.O-O Be7
9.e4 a6 10.Qe3 Nbd7 11.Nd4 Qc7 12.b3 O-O 13.Bb2 Rfe8 14.Rfe1 Bf8 15.h3 Rad8
16.Re2 Qb8 17.Qd2 Ba8 18.Rd1 h6 19.Qe1 Nc5 20.Re3 Rc8 21.Qe2 Red8 22.Kh2 Re8
23.Ba1 Red8 24.Nc2 Ne8 25.Nb4 Nc7 26.Nd3 Nxd3 27.Rexd3 b5 28.cxb5 axb5 29.b4 Ne8
30.Rd4 e5 31.R4d3 Nf6 32.a3 Bc6 33.Bb2 Qb7 34.f3 Rc7 35.h4 Bd7 36.Bh3 Bxh3
37.Kxh3 Rdc8 38.R1d2 Rc4 39.Nd1 h5 40.Ne3 R4c6 41.Nf5 Ne8 42.Ne3 Nf6  1/2-1/2

[Event "Nordic-ch"]
[Site "Esbjerg"]
[Date "1983.??.??"]
[Round "?"]
[White "Forintos, Gyozo V"]
[Black "Tiller, Bjorn"]
[Result "1/2-1/2"]
[WhiteElo "2450"]
[BlackElo "2430"]

1.c4 c5 2.Nf3 Nf6 3.Nc3 e6 4.e3 d5 5.d4 Nc6 6.a3 cxd4 7.exd4 Be7 8.Bd3 dxc4
9.Bxc4 O-O 10.O-O a6 11.Re1 b5 12.Ba2 Bb7 13.d5 Nxd5 14.Nxd5 exd5 15.Bxd5 Bf6
16.Rb1 Qd7 17.Bg5 Bxg5 18.Nxg5 Qf5 19.Qf3 Qxg5  1/2-1/2

[Event "Nordic-ch"]
[Site "Esbjerg"]
[Date "1983.??.??"]
[Round "?"]
[White "Jakobsen, Ole"]
[Black "Tiller, Bjorn"]
[Result "1/2-1/2"]
[WhiteElo "2440"]
[BlackElo "2430"]

1.c4 c5 2.Nf3 Nf6 3.Nc3 e6 4.g3 b6 5.Bg2 Bb7 6.O-O a6 7.d4 cxd4 8.Qxd4 d6
9.b3 Nbd7 10.Bb2 Be7 11.e4 O-O 12.Nd2 Ne5 13.Qe3 Qc7 14.a4 Rfe8 15.Rac1 Qc5
16.Qe2 Rad8 17.Kh1 Bf8 18.f4 Ned7 19.Nd1 h5 20.Nf2 g6 21.h3 Bh6 22.Nd3 Qc7
23.Rcd1 Ba8 24.e5 Bxg2+ 25.Qxg2 dxe5 26.fxe5 Nh7 27.Ne4 Bg7 28.Nd6 Rf8 29.Qb7 Qxb7+
30.Nxb7 Rb8 31.Nd6 Nc5 32.Nxc5 bxc5 33.Rd3 f5 34.exf6 Bxf6 35.Bxf6 Rxf6 36.Rfd1 Ng5
37.h4  1/2-1/2

[Event "Frunze"]
[Site "Frunze"]
[Date "1983.??.??"]
[Round "?"]
[White "Dvorietzky, Mark I"]
[Black "Velikov, Petar"]
[Result "1/2-1/2"]
[WhiteElo "2480"]
[BlackElo "2475"]

1.c4 c5 2.Nf3 Nf6 3.Nc3 e6 4.g3 b6 5.Bg2 Bb7 6.O-O Be7 7.d4 cxd4 8.Qxd4 d6
9.Bg5 a6 10.Bxf6 Bxf6 11.Qf4 O-O 12.Rad1 Be7 13.Ne4 Bxe4 14.Qxe4 Ra7 15.Nd4 Qc8
16.b3 Qc5 17.a4 Qe5 18.Qb1 g6 19.Rd3 Rc7 20.e3 Rfc8 21.f4 Qc5 22.h3 Nd7 23.Kh2 Nf6  1/2-1/2

[Event "Frunze"]
[Site "Frunze"]
[Date "1983.??.??"]
[Round "?"]
[White "Dvorietzky, Mark I"]
[Black "Barua, Dibyendu"]
[Result "1/2-1/2"]
[WhiteElo "2480"]
[BlackElo "2390"]

1.c4 c5 2.Nf3 Nf6 3.Nc3 d5 4.cxd5 Nxd5 5.e4 Nxc3 6.dxc3 Qxd1+ 7.Kxd1 Nc6
8.Be3 e6 9.Kc2 Bd7 10.Be2 Be7 11.Rad1 O-O-O 12.Rd2 f6 13.Rhd1 Na5 14.e5 Bc6
15.Rxd8+ Rxd8 16.Rxd8+ Kxd8 17.exf6 gxf6 18.g3 Be4+ 19.Kc1 b6 20.Nd2 Bd5
21.b3 Nc6 22.g4 Bd6 23.f4 Ne7 24.Bd3 f5 25.gxf5 Nxf5 26.Bxf5 exf5 27.c4 Bg2
28.Nb1 Ke7 29.Nc3 Kf6 30.Nd1 Kg6 31.Nf2 Be4 32.a4 a5 33.Kd2 Be7 34.Kd1 Bf6
35.Kd2 Bg7 36.Kc1 Bc3 37.Nd1 Ba1 38.Kd2 Kh5 39.Nf2 Bf6 40.Kc1 Bc3 41.Kd1 Kh4
42.Kc1 Kh5  1/2-1/2

[Event "Frunze"]
[Site "Frunze"]
[Date "1983.??.??"]
[Round "?"]
[White "Schneider, Attila"]
[Black "Csom, Istvan"]
[Result "1/2-1/2"]
[WhiteElo "2385"]
[BlackElo "2505"]

1.Nf3 c5 2.c4 Nf6 3.Nc3 b6 4.g3 Bb7 5.Bg2 g6 6.O-O Bg7 7.d4 cxd4 8.Nxd4 Bxg2
9.Kxg2 Qc8 10.b3 Qb7+ 11.f3 d5 12.cxd5 Nxd5 13.Nxd5 Qxd5 14.Be3 Nc6 15.Nxc6 Qxc6
16.Rc1 Qe6 17.Qd3 O-O 18.Rc4 f5 19.Rd1 Rfc8 20.Rxc8+ Rxc8 21.Qd7 Qxd7 22.Rxd7 Rc2
23.Rd2  1/2-1/2

[Event "Gausdal Jubilee"]
[Site "Gausdal"]
[Date "1983.??.??"]
[Round "7"]
[White "Keene, Raymond D"]
[Black "Fries Nielsen, Jens Ove"]
[Result "1-0"]
[WhiteElo "2490"]
[BlackElo "2440"]

1.Nf3 Nf6 2.c4 c5 3.Nc3 e6 4.e3 Nc6 5.d4 d5 6.cxd5 exd5 7.Bb5 Bd6 8.dxc5 Bxc5
9.O-O O-O 10.b3 Bg4 11.Bb2 Rc8 12.Rc1 Bd6 13.Be2 a6 14.Nd4 Bxe2 15.Ncxe2 Ne7
16.Nf3 Rxc1 17.Qxc1 Ne4 18.Nc3 Qd7 19.Qd1 Nxc3 20.Bxc3 Rc8 21.Bb2 Qg4 22.Re1 Qe4
23.Re2 f6 24.Rd2 Bb4 25.Rd3 Qe6 26.h3 Qc6 27.Nd4 Qd7 28.Ne2 Qc7 29.Nc3 Bxc3
30.Rxc3 Qa5 31.Rxc8+ Nxc8 32.Qg4 Qc7 33.Bxf6 Nd6 34.Be5 Qe7 35.Bxd6 Qxd6
36.Qc8+ Kf7 37.Qxb7+ Kg6 38.Qc8 h6 39.Qc2+ Kf7 40.Qc3 Kg8 41.b4 Qd7 42.Qb3  1-0

[Event "Bundesliga 8283"]
[Site "Germany"]
[Date "1983.??.??"]
[Round "?"]
[White "Duhr, Stefan"]
[Black "Wolf, Volker"]
[Result "0-1"]
[WhiteElo "2320"]
[BlackElo "2245"]

1.Nf3 Nf6 2.c4 c5 3.Nc3 g6 4.g3 b6 5.Bg2 Bb7 6.O-O Bg7 7.d4 cxd4 8.Nxd4 Bxg2
9.Kxg2 O-O 10.e4 Nc6 11.Nc2 Rc8 12.Rb1 Qc7 13.Ne3 Qb7 14.f3 a6 15.a4 e6 16.b3 Rfd8
17.Ba3 Nh5 18.Qd3 Nd4 19.Be7 Re8 20.Bd6 f5 21.Kg1 Qc6 22.c5 bxc5 23.Nc4 Nf6
24.e5 Nd5 25.Rfc1 Nb4  0-1

[Event "Hamburg HSV"]
[Site "Hamburg"]
[Date "1983.??.??"]
[Round "?"]
[White "Berg, Klaus"]
[Black "Hess, Christian"]
[Result "1-0"]
[WhiteElo "2400"]
[BlackElo "2230"]

1.c4 e6 2.Nf3 Nf6 3.Nc3 c5 4.e3 Nc6 5.d4 d5 6.cxd5 exd5 7.Be2 cxd4 8.Nxd4 Bd6
9.O-O O-O 10.b3 Be5 11.Nxc6 bxc6 12.Bb2 Ne4 13.Na4 Bxb2 14.Nxb2 Qa5 15.Na4 Ba6
16.Bxa6 Qxa6 17.Rc1 Rfd8 18.Rc2 Rac8 19.Qa1 Qb5 20.Rfc1 h6 21.Qd4 Rc7 22.f3 Ng5
23.Rc5 Ne6 24.Rxb5 Nxd4 25.exd4 cxb5 26.Rxc7 bxa4 27.b4 a6 28.Rc6 Ra8 29.Rc5 Rb8
30.a3 Rb5 31.Rc8+ Kh7 32.Rc6 Rb7 33.Kf2 Re7 34.Rxa6 Rc7 35.Rxa4  1-0